| 000 | 00685nam a2200181Ia 4500 | ||
|---|---|---|---|
| 008 | 151018s9999 xx 000 0 und d | ||
| 082 |
_bRBASDV9797 _a891.463 |
||
| 100 | _aलक्ष्मणराव सरदेसाई | ||
| 245 | _aब्राम्हण | ||
| 250 | _b1 | ||
| 260 |
_bमहाराष्ट्र राज्य साहित्य संस्कुती मंडळ मुंबई _c1973 |
||
| 300 | _a144 | ||
| 600 | _aलक्ष्मणराव सरदेसाई | ||
| 630 | _aब्राम्हण | ||
| 700 | _aलक्ष्मणराव सरदेसाई | ||
| 730 | _aब्राम्हण | ||
| 942 | _cBOOK | ||
| 999 |
_c1012161 _d1012158 |
||